German suffixes by gender - Statistics

General Stats
  • This quiz has been taken 16 times
  • The average score is 29 of 31
Answer Stats
Hint Answer % Correct
-chen das/n
100%
-ung die/f
100%
-sion die/f
100%
-schaft die/f
100%
-ur die/f
100%
-a die/f
100%
-in die/f
100%
-heit die/f
100%
-keit die/f
100%
-um das/n
93%
-sel das/n
93%
-tum das/n
93%
-tel das/n
93%
-ment das/n
93%
-ma das/n
93%
-lein das/n
93%
-or der/m
93%
-us der/m
93%
-ig der/m
93%
-ismus der/m
93%
-tion die/f
93%
-enz die/f
93%
-ie die/f
93%
-ei die/f
93%
-tät die/f
93%
-ik die/f
93%
-anz die/f
93%
-ich der/m
87%
-ast der/m
87%
-ant der/m
87%
-ling der/m
87%
No matching quizzes found
Score Distribution
Percent of People with Each Score
Percentile by Number Answered
Your Score History
You have not taken this quiz